00229pam a2200109 a 4500020000500000041000500005082001300010100001500023245003200038260003800070300001100108 c h a606bHEA aHead, F.D. aMeetingshTextual Documents aLondonbSir Isaac Pitman And Sons a247/CB